<?xml version="1.0" encoding="UTF-8"?><record xmlns="http://www.loc.gov/MARC21/slim" xmlns:zs="http://docs.oasis-open.org/ns/search-ws/sruResponse">
  <leader>00531cz  a2200169n  4500</leader>
  <controlfield tag="001">n  97863369 </controlfield>
  <controlfield tag="003">DLC</controlfield>
  <controlfield tag="005">20081114080041.0</controlfield>
  <controlfield tag="008">971104n| acannaabn           n aad     c</controlfield>
  <datafield ind1=" " ind2=" " tag="010">
    <subfield code="a">n  97863369 </subfield>
  </datafield>
  <datafield ind1=" " ind2=" " tag="035">
    <subfield code="a">(NN-PD)NN 300656329</subfield>
  </datafield>
  <datafield ind1=" " ind2=" " tag="035">
    <subfield code="a">(OCoLC)oca04511099</subfield>
  </datafield>
  <datafield ind1=" " ind2=" " tag="040">
    <subfield code="a">NN-PD</subfield>
    <subfield code="b">eng</subfield>
    <subfield code="c">NN-PD</subfield>
    <subfield code="d">OCoLC</subfield>
  </datafield>
  <datafield ind1="1" ind2=" " tag="100">
    <subfield code="a">Sauret, Henriette</subfield>
  </datafield>
  <datafield ind1=" " ind2=" " tag="667">
    <subfield code="a">Writer.</subfield>
  </datafield>
  <datafield ind1=" " ind2=" " tag="667">
    <subfield code="a">Data contributed by the Dance Heritage Coalition for the New York Public Library Dance Collection.</subfield>
  </datafield>
  <datafield ind1=" " ind2=" " tag="670">
    <subfield code="a">*DM  Revue mondiale.  Paris.  mars 15, 1928, p 161.</subfield>
  </datafield>
</record>
